Clean production : environmental and economic perspectives

Αποθηκεύτηκε σε:
Λεπτομέρειες βιβλιογραφικής εγγραφής
Άλλοι συγγραφείς: Misra, Krishna B. 1943-
Μορφή: Βιβλίο
Γλώσσα:English
Δημοσίευση: Berlin : Springer Verlag, 1996
Θέματα:
Ετικέτες: Προσθήκη ετικέτας
Δεν υπάρχουν, Καταχωρήστε ετικέτα πρώτοι!

MARC

LEADER 00000nam a2200000 i 4500
001 1/98161
008 000117s1996 eng d
020 |a 3-540-60189-9 
035 |l 10056412 
040 |a GR-MY-UA  |b gre  |e aacr 
041 0 |a eng 
082 0 |a 670 
245 1 0 |a Clean production :  |b environmental and economic perspectives /  |c Edited by K. B. Misra 
260 |a Berlin :   |b Springer Verlag,   |c 1996 
300 |a 853 p. 
504 |a Includes bibliographical references and index 
650 0 0 |a Manufacturing processes. 
650 0 0 |a Environmental protection. 
650 0 0 |a Industrial efficiency. 
650 0 0 |a Reliability (Engineering) 
700 1 |a Misra, Krishna B.  |d 1943- 
852 |a INST  |b LESVOS  |e 20000117  |h 670 CLE  |p 005100024181  |q 005100024181  |t BK  |y 0 
901 |a BIBL1-2000-2 
909 |a Λ  |b 073031 
922 |a 1ΕΛΗ  |b 200001  |c ΚΠΣ/ΠΜΣ  |d ΠΑΠΑΣΩΤΗΡΙΟΥ 
950 |a 157-1999-10-15 
970 |a ΚΑΜΑΤΣΟΥ  |b ΔΕΣΠΟΙΝΑ  |z 2000/05/26